Statistiques concernant Les personnages combattants de la saga Saiyans-Dragon Ball Z

Cliquez ici pour prendre le quiz!

Statistiques générales

  • Ce quiz a été pris 80 fois
  • Le résultat moyen est 10 sur 12

Statistiques - réponses

Réponse% Correct
Vegeta
100%
Son Goku
99%
Son Gohan
97%
Piccolo
95%
Yamcha
93%
Krillin
90%
Nappa
82%
Chaozu
75%
Tenshinhan
75%
Raditz
74%
Yajirobe
56%
Saibaimen
53%

Distribution des résultats

Percentile par nombre de réponses

% des personnes avec chaque résultat

Votre développement - résultats

Vous n’avez pas pris ce quiz